Statistics for NFL Football Team Logos

Click here to take the quiz!

General Stats

  • This quiz has been taken 76,071 times
  • The average score is 29 of 32

Answer Stats

Answer % Correct
Miami Dolphins
99%
Detroit Lions
96%
Green Bay Packers
96%
New England Patriots
96%
Baltimore Ravens
96%
Jacksonville Jaguars
95%
Minnesota Vikings
95%
Dallas Cowboys
94%
Atlanta Falcons
94%
Los Angeles Rams
93%
Carolina Panthers
93%
New York Giants
93%
Pittsburgh Steelers
92%
Washington Redskins
91%
Indianapolis Colts
91%
Philadelphia Eagles
91%
Houston Texans
91%
Seattle Seahawks
90%
Arizona Cardinals
90%
Cincinnati Bengals
89%
Denver Broncos
89%
Tampa Bay Buccaneers
89%
New Orleans Saints
88%
Tennessee Titans
88%
Las Vegas Raiders
87%
Buffalo Bills
87%
San Francisco 49ers
84%
Cleveland Browns
83%
Chicago Bears
83%
Kansas City Chiefs
82%
Los Angeles Chargers
82%
New York Jets
79%

Score Distribution

Percentile by Number Answered

Percent of People with Each Score

Your Score History

You have not taken this quiz